000 00579nam a2200217Ia 4500
003 OSt
005 20220926041604.0
006 a|||||r|||| 00| 0
007 ta
008 220923b |||||||| |||| 00| 0 eng d
037 _cGeneral Book
040 _aRTL
_cRTL
_beng
041 _2eng
_aeng
082 _aX75: :5:N2, F6
100 _aBirck L V
_9345064
245 0 _aScourge of Europe
_b the public debt described, expl
260 _c1926
650 _aPublic Loan
_9235070
942 _hX75: :5:N2, F6
_cGB
_2CC
999 _c667543
_d667543